Hard Rock Locations Quiz Stats

 Plays Quiz Retired Jun 25, 2021

Support Sporcle.
Go Orange.
Score 0/195 Timer 18:00
0 Plays Today
Region Location (City) % Correct
United StatesNew York
89.5%
EnglandLondon
82.7%
FranceParis
77%
JapanTokyo Roppongi
76.7%
ItalyRome
76.5%
United StatesChicago
75.9%
United StatesYankee Stadium
75.1%
United StatesMiami
74.3%
SpainMadrid
72.8%
United StatesBoston
72.7%
GermanyBerlin
71.9%
United StatesSan Francisco
71.1%
EnglandLondon Cafe Oxford Street
69.8%
EnglandLondon Piccadilly Circus
69.5%
RussiaMoscow
67.6%
United StatesLas Vegas
67.3%
United StatesSeattle
67%
United StatesHouston
66.4%
United StatesWashington DC
64.6%
United StatesAtlanta
64.5%
SpainBarcelona
64.4%
United StatesOrlando
63.1%
United StatesSacramento
62.7%
GreeceAthens
62.6%
ArgentinaBuenos Aires
60%
JapanTokyo Uyeno Eki
58.5%
United StatesPhiladelphia
57.8%
ArgentinaBuenos Aires Aeroparque
56.9%
NetherlandsAmsterdam
56.4%
United StatesDenver
56.1%
SingaporeSentosa
54.7%
United StatesNew Orleans
54.6%
PortugalLisbon
53.8%
United StatesPhoenix
53.3%
PolandWarsaw
53%
CyprusAyia Napa
52.6%
ChinaHong Kong LKF
51.7%
EgyptCairo
51%
AndorraAndorra
50.9%
United StatesHouston Airport
50.1%
ItalyVenice
49.8%
GermanyMunich
49.6%
CzechiaPrague
49.1%
AustriaVienna
49%
IrelandDublin
48.5%
NorwayOslo
48.4%
PanamaPanama
48.4%
ThailandBangkok
48%
United StatesNashville
47.7%
DenmarkCopenhagen
47.1%
SwedenStockholm
47%
ChileSantiago
46.1%
United StatesSan Antonio
46%
United Arab EmiratesDubai
45.9%
United StatesPittsburgh
44.7%
EnglandManchester
44.1%
United StatesHollywood at Universal CityWalk
43.4%
United StatesTampa
43.2%
MexicoCancún
43.2%
SingaporeSingapore
42.9%
ColombiaBogotá
42%
United StatesMemphis
41.3%
PeruLima
41.3%
RussiaSt. Petersburg
40.6%
IndiaMumbai Andheri
39.8%
Region Location (City) % Correct
ScotlandGlasgow
38.1%
ScotlandEdinburgh
38.1%
United Arab EmiratesDubai Airport
37.8%
FinlandHelsinki
37.8%
South AfricaCape Town
37.8%
IndonesiaJakarta
37.1%
PhilippinesManila
37%
Costa RicaSan Jose
36.4%
Puerto RicoSan Juan
35.9%
United StatesFour Winds
35.5%
IcelandReykjavík
34%
VenezuelaCaracas
33.7%
South AfricaJohannesburg
33.1%
United StatesBaltimore
32.2%
BahamasNassau
31.9%
United StatesTampa Airport
31.6%
JapanOsaka
30.1%
JapanKyoto
29.4%
South AfricaPretoria
29.3%
United StatesHonolulu
29%
RomaniaBucharest
29%
JapanOsaka Universal
28.7%
NepalKathmandu
27.7%
FranceLyon
27.5%
UruguayMontevideo
27.5%
FranceNice
27.1%
United StatesHollywood on Hollywood Blvd
26.5%
AzerbaijanBaku
26.2%
PolandKraków
25.6%
BelgiumAntwerp
25.5%
NigeriaLagos
25.2%
PortugalPorto
24.7%
MalaysiaKuala Lumpur
23.9%
United StatesHollywood, FL
23.7%
BelgiumBrussels
23.6%
AustraliaSydney
23.5%
SpainValencia
23.3%
United StatesLouisville
23.2%
CambodiaPhnom Penh
22.7%
NicaraguaManagua
21.4%
IndiaGuwahati
21.2%
Dominican RepublicSanto Domingo
21.1%
SpainSeville
20.9%
MaltaMalta Bar (Valletta)
20.4%
GeorgiaTbilisi
19%
IndonesiaBali Airport
16.4%
GermanyHamburg
16.1%
IndiaKolkata
15.9%
GermanyCologne
15.7%
United StatesAnchorage
15.1%
MaltaMalta Airport
15%
United StatesAtlantic City
14.8%
MongoliaUlaanbaatar
14.8%
MontenegroPodgorica
14.7%
PolandGdańsk
14.3%
HungaryBudapest
13.4%
United StatesMyrtle Beach
13.4%
SpainMalaga
13.4%
IndonesiaBali
13.2%
ThailandPhuket
12.6%
United StatesNiagara Falls USA
12.4%
CanadaNiagara Falls
12.3%
ItalyFlorence
12.1%
VietnamHo Chi Minh City
12.1%
KazakhstanAlmaty
11.5%
Region Location (City) % Correct
United StatesKey West
11.3%
AustriaInnsbruck
11%
MexicoCozumel
10.9%
SpainIbiza
10.8%
IndiaBengaluru
10.1%
GuyanaGuyana
9.8%
SwedenGothenburg
9.3%
BahrainBahrain
9.2%
MexicoPuerto Madero
9.1%
MyanmarYangon
8.6%
JapanYokohama
8.3%
Trinidad and TobagoTrinidad
8.3%
ChinaMacau
8.2%
BoliviaSanta Cruz
7.1%
SpainTenerife
7.1%
PolandWrocław
7%
Dominican RepublicPunta Cana
7%
United StatesBiloxi
6.8%
SpainMallorca
6.8%
Cayman IslandsCayman Islands
6.7%
EgyptSharm El Sheikh
6.7%
GuamGuam
6.5%
ChinaShenzhen
6.5%
ThailandChiang Mai
6.3%
ArubaAruba
6.1%
FijiFiji
5.9%
JamaicaMontego Bay
5.9%
MaltaMalta
5.8%
ChinaTianjin
5.4%
IndiaChandigarh
5.4%
ColombiaMedellin
5%
ColombiaCartagena
4.8%
AustraliaSurfers Paradise
4.8%
BrazilFortaleza
4.5%
BrazilCuritiba
4.4%
CambodiaAngkor
4.3%
United StatesMall of America
4.3%
Netherlands AntillesSt. Maarten
3.7%
Puerto RicoPonce
3.7%
United StatesPigeon Forge
3.6%
IndiaHyderabad
3.4%
ArgentinaUshuaia
3.2%
MalaysiaMelaka
3%
IndiaPune
3%
JapanFukuoka
2.8%
ThailandKoh Samui
2.7%
ThailandPattaya
2.7%
Northern Mariana IslandsSaipan
2.6%
BrazilGramado
2.6%
South AfricaSun City
2.6%
United StatesFoxwoods
2.5%
MexicoPlaya Del Carmen
2.5%
PhilippinesMakati
2.3%
ArgentinaEzeiza Airport Cafe
2.2%
EgyptNabq
2.1%
IndiaGurgaon
2.1%
EgyptHurghada
2%
MalaysiaKota Kinabalu
1.8%
VenezuelaMargarita
1.8%
TunisiaPort El Kantaoui
1.7%
Costa RicaGuanacaste
1.7%
MalaysiaPenang
1.5%
SpainMarbella
1.4%
SpainGran Canaria
1.3%
IndiaWhitefield
1.1%

From the Vault

Intersecting Trivia: Geography II

by bhenderson79

Be sure to look both ways before crossing the globe.
Remove Ads.
Support Sporcle.
Get the best of Sporcle when you Go Orange. This ad-free experience offers more features, more stats, and more fun while also helping to support Sporcle. Thank you for becoming a member.

Show Comments

Extras

Top Quizzes Today


Score Distribution

Your Account Isn't Verified!

In order to create a playlist on Sporcle, you need to verify the email address you used during registration. Go to your Sporcle Settings to finish the process.

Report this User

Report this user for behavior that violates our Community Guidelines.

Details: